Comercialización exterior de los productos agrícolas de Costa Rica

Enregistré dans:
Détails bibliographiques
Collectivité auteur: CEDAL. Fundación Friedrich Ebert
Format: Inconnue
Publié: San José: CEDAL
Sujets:
Tags: Ajouter un tag
Pas de tags, Soyez le premier à ajouter un tag!

MARC

LEADER 00000 a2200000 04500
001 14115
003
008 991231s d
040
020 |a 9977-956-03-0  
022 |a 9977-956-03-0  
090 |a 018008  
110 |a CEDAL. Fundación Friedrich Ebert  
245 |a Comercialización exterior de los productos agrícolas de Costa Rica  
260 |a San José:   |b CEDAL  
300 |a 143 p.  
650 |a EXPORTACIONES  
650 |a COMERCIALIZACION  
999 |c 10976  |d 10976